000 01018nam a22002657a 4500
005 20170123164143.0
010 _aB-095088
020 _a8171163777
035 _aB-095088
037 _bCen Lib / Ret
040 _aDPL
_bPN
082 _a
_bਗਰੇਵਾ
100 _aਬਲਦੇਵ ਸਿੰਘ ਗਰੇਵਾਲ
_9118844
245 _aਪਰਿਕਰਮਾ :
_cਬਲਦੇਵ ਸਿੰਘ ਗਰੇਵਾਲ
_bਨਾਵਲ /
246 _aParikarma
_bby Baldev Singh Grewal
260 _aਦਿਲੀ
_bਨੈਸ਼ਨਲ਼ ਬੂਕ ਸ਼ਾਪ
_c2004
270 _aK-24, ਹੌਜ ਖਾਸ
270 _bਪ੍ਲੇਆਸੁਰ ਗਾਰਡਨ ਮਾਰਕਿਟ, ਚਾਂਦਨੀ ਚੋਕ
_eਦਿੱਲੀ
_a110006
300 _a79p.
_c22cm(Hb)
650 _aਪੰਜਾਬੀ ਸਾਹਿਤ
_9118845
650 _aਪੰਜਾਬੀ ਨਾਵਲ
_9118846
650 _aPunjabi Literature
_9781
650 _aPunjabi Novel
_96285
942 _2ddc
_cPN
_e2005
_h
_mਗਰੇਵਾ
999 _c109792
_d109792